Hertha BSC Kader 24/25 - Statistiken

Allgemein
  • Dieses Quiz wurde 119 mal gespielt
  • Das Durchschnittsergebnis liegt bei 23 aus 31
Antwortstatistiken
Position Trikotnummer Spielername % Korrekt
Angriff 11 Fabian Reese
94%
Tor 1 Tjark Ernst
94%
Abwehr 31 Marton Dardai
92%
Angriff 20 Palko Dardai
92%
Abwehr 37 Toni Leistner
92%
Mittelfeld 10 Ibrahim Maza
91%
Abwehr 42 Deyovaisio Zeefuik
90%
Tor 35 Marius Gersbeck
90%
Angriff 39 Derry Scherhant
88%
Angriff 7 Florian Niederlechner
87%
Trainer / Cristian Fiel
86%
Mittelfeld 6 Diego Demme
83%
Abwehr 16 Jonjoe Kenny
82%
Abwehr 44 Linus Gechter
82%
Mittelfeld 27 Michael Cuisance
82%
Mittelfeld 41 Pascal Klemens
81%
Angriff 22 Marten Winkler
78%
Angriff 18 Luca Schuler
77%
Mittelfeld 33 Michal Karbownik
74%
Mittelfeld 8 Kevin Sessa
71%
Mittelfeld 5 Andreas Bouchalakis
68%
Abwehr 25 John Brooks
66%
Angriff 24 Jon Dagur Thorsteinsson
64%
Angriff 9 Smail Prevljak
62%
Tor 43 Tim Goller
62%
Mittelfeld 21 Boris Lum
58%
Abwehr 19 Jeremy Dudziak
58%
Mittelfeld 14 Bilal Hussein
47%
Angriff 26 Gustav Christensen
42%
Mittelfeld 38 Julius Gottschalk
30%
Angriff 40 Oliver Rölke
30%
Keine übereinstimmenden Quizze gefunden
Verteilung der Resultate
Anzahl Personen mit jedem Resultat
Perzentil nach korrekt beantworteten Fragen
Ihre Resultats-Entwicklung
Sie haben dieses Quiz noch nicht gespielt